Evangelická teologie pod drobnohledem / Petr Gallus, Petr Macek (eds.)
Record details
- ISBN: 80-7325-083-7
- Physical Description: 103 s. ; 20 cm
- Edition: 1. vyd.
- Publisher: Brno : Centrum pro studium demokracie a kultury (CDK), 2006
Content descriptions
| General Note: | Část. přeloženo z němčiny? Na zadní s. obálky uvedeni autoři: Karl Barth ... [et al.] |
| Bibliography, etc. Note: | Obsahuje bibliografie a bibliografické odkazy |
Search for related items by subject
| Subject: | Univerzita Karlova. Evangelická teologická fakulta evangelická teologie teorie vědy teologické fakulty Evangelical theology theory of science faculties of theology |
| Genre: | sborníky papers |
Search for related items by series
Available copies
- 2 of 2 copies available at Common Catalog SPOK.
Holds
- 0 current holds with 2 total copies.
Show All Copies
| Location | Call Number / Copy Notes | Barcode | Shelving Location | Status | Due Date |
|---|---|---|---|---|---|
| Jabok Library | ST-2.2 | 424480019364 | Odborná literatura | Available | - |
| Jabok Library | ST-2.2 | 424480026723 | Odborná literatura | Available | - |
| LDR | 01835nam a2200505 a 4500 | ||
|---|---|---|---|
| 001 | 3031 | ||
| 003 | CZ-PrJAB | ||
| 005 | 20160221170945.0 | ||
| 007 | ta | ||
| 008 | 060523s2006 xr f 000 0 cze | ||
| 015 | . | ‡acnb001656417 | |
| 020 | . | ‡a80-7325-083-7 ‡q(brož.) : ‡cKč 139,00 | |
| 035 | . | ‡a(CZ PrNK)nkc20061656417 | |
| 035 | . | ‡a(OCoLC)85723250 | |
| 040 | . | ‡aABA001 ‡bcze | |
| 041 | 1 | . | ‡acze ‡hger |
| 072 | 7. | ‡a27-1/-2 ‡xKřesťanská teologie. Dogmatická teologie ‡2Konspekt ‡95 | |
| 080 | . | ‡a274/279-1 ‡2MRF | |
| 080 | . | ‡a001.1/.5 ‡2MRF | |
| 080 | . | ‡a378.096:2-1 ‡2MRF | |
| 080 | . | ‡a(062.552) ‡2MRF | |
| 245 | 0 | 0. | ‡aEvangelická teologie pod drobnohledem / ‡cPetr Gallus, Petr Macek (eds.) |
| 250 | . | ‡a1. vyd. | |
| 260 | . | ‡aBrno : ‡bCentrum pro studium demokracie a kultury (CDK), ‡c2006 | |
| 300 | . | ‡a103 s. ; ‡c20 cm | |
| 490 | 1 | . | ‡aModerní česká teologie |
| 500 | . | ‡aČást. přeloženo z němčiny? | |
| 500 | . | ‡aNa zadní s. obálky uvedeni autoři: Karl Barth ... [et al.] | |
| 504 | . | ‡aObsahuje bibliografie a bibliografické odkazy | |
| 610 | 2 | 7. | ‡aUniverzita Karlova. ‡bEvangelická teologická fakulta ‡7kn20010710335 ‡2czenas |
| 650 | 0 | 7. | ‡aevangelická teologie ‡7ph114501 ‡2czenas |
| 650 | 0 | 7. | ‡ateorie vědy ‡7ph137316 ‡2czenas |
| 650 | 0 | 7. | ‡ateologické fakulty ‡7ph126541 ‡2czenas |
| 650 | 0 | 9. | ‡aEvangelical theology ‡2eczenas |
| 650 | 0 | 9. | ‡atheory of science ‡2eczenas |
| 650 | 0 | 9. | ‡afaculties of theology ‡2eczenas |
| 655 | 7. | ‡asborníky ‡7fd724344 ‡2czenas | |
| 655 | 9. | ‡apapers ‡2eczenas | |
| 700 | 1 | . | ‡aGallus, Petr, ‡d1979- ‡7xx0035004 ‡4edt |
| 700 | 1 | . | ‡aMacek, Petr, ‡d1944- ‡7jo20010088864 ‡4edt |
| 700 | 1 | . | ‡aBarth, Karl, ‡d1886-1968 ‡7jn20000700121 ‡4aut |
| 830 | 0. | ‡aModerní česká teologie | |
| 910 | . | ‡aABG312 | |
| 928 | 9 | . | ‡aCDK (Centrum pro studium demokracie a kultury) |
| 901 | . | ‡a3031 ‡bUnknown ‡c3031 ‡tbiblio | |